000 01205nam a2200409 a 4500
003 AR-BaBNM
005 20251128203915.0
008 082120s2002 ||||||||||||||000 | spa||
040 _cAR-BaBNM
245 0 0 _aProyectos constructivistas
_bciencias naturales 3er ciclo
260 _aBuenos Aires
_bVocación Docente
_c1993
300 _a366 p.
_bil
500 _aEste material se complementa con fichas de ciencias naturales de Ratto, Jorge
650 4 _aEDUCACION BASICA
650 4 _aPROYECTOS
650 4 _aACTIVIDADES DE APRENDIZAJE
650 4 _aCIENCIAS NATURALES
650 4 _aCIENCIAS [NIVEL PRIMARIO]
650 4 _aENSEÑANZA DE LA CIENCIA
650 4 _aANATOMIA
650 4 _aBIOLOGIA
650 4 _aECOLOGIA
650 4 _aFISICA
650 4 _aALIMENTACION
650 4 _aEXPERIMENTOS CIENTIFICOS
650 4 _aEXPERIMENTOS DE LABORATORIO
653 _aCONSTRUCTIVISMO
653 _aEDUCACION PRIMARIA
700 1 _aScheiner, Ernesto Julio
700 1 _aRossetti, Alejandro
700 1 _aRossi, Carlos E.
700 1 _aSánchez, Gustavo
700 1 _aMéndez, Liliana
_ecoordinador
700 1 _aTarchini, Enrique
_ecoordinador
942 _cBK
998 _cmarce
999 _c5427
_d5427